Низкие домики (Запись № 5081201)
[ простой вид ]
| 000 -МАРКЕР | |
|---|---|
| контрольное поле | 01607nam0a22003611 4500 |
| 001 - ИДЕНТИФИКАТОР ЗАПИСИ | |
| контрольное поле | rc\269439 |
| 005 - ИДЕНТИФИКАТОР ВЕРСИИ | |
| контрольное поле | 20250621002430.0 |
| 010 ## - МЕЖДУНАРОДНЫЙ СТАНДАРТНЫЙ НОМЕР КНИГИ (ISBN) | |
| Номер (ISBN) | 5-8436-0069-6 |
| Тираж | 1000 |
| 035 ## - ДРУГИЕ СИСТЕМНЫЕ НОМЕРА | |
| Идентификатор записи | (NLR Aleph) 005475079 |
| 100 ## - ДАННЫЕ ОБЩЕЙ ОБРАБОТКИ | |
| Данные общей обработки | 20030307d1997 |||y0rusy50 ca |
| 101 0# - ЯЗЫК РЕСУРСА | |
| Язык текста, звукозаписи и т.д. | русский |
| 102 ## - СТРАНА ПУБЛИКАЦИИ ИЛИ ПРОИЗВОДСТВА | |
| Страна публикации | российская федерация |
| 105 ## - ПОЛЕ КОДИРОВАННЫХ ДАННЫХ: ТЕКСТОВЫЕ МАТЕРИАЛЫ, МОНОГРАФИЧЕСКИЕ | |
| Кодированные данные о монографическом текстовом документе | y ||||||||| |
| 200 1# - ЗАГЛАВИЕ И СВЕДЕНИЯ ОБ ОТВЕТСТВЕННОСТИ | |
| Основное заглавие | Низкие домики |
| Сведения, относящиеся к заглавию | Стихи |
| Первые сведения об ответственности | Константин Ходунков |
| 210 ## - ПУБЛИКАЦИЯ, РАСПРОСТРАНЕНИЕ И ДР. | |
| Место издания, распространения и т.д. | Ставрополь |
| Имя издателя, распространителя и т. д. | Кавк. б-ка |
| Дата издания, распространения и т.д. | 1997 |
| 215 ## - ФИЗИЧЕСКАЯ ХАРАКТЕРИСТИКА | |
| Специфическое обозначение материала и объем | 122, [5] с. |
| Размеры | 17 |
| 327 1# - ПРИМЕЧАНИЯ О СОДЕРЖАНИИ | |
| Текст примечания | Содерж.: Циклы: Отчие просторы; Зарисовки; Раздумья; Старшему поколению; Россыпи; О природе; О поэтах и поэзии; Из первых стихов |
| 464 #0 - АНАЛИТИЧЕСКИЙ УРОВЕНЬ | |
| Встроенное поле | 2001#$aОтчие просторы |
| Заглавие | Отчие просторы |
| 464 #0 - АНАЛИТИЧЕСКИЙ УРОВЕНЬ | |
| Встроенное поле | 2001#$aЗарисовки |
| Заглавие | Зарисовки |
| 464 #0 - АНАЛИТИЧЕСКИЙ УРОВЕНЬ | |
| Встроенное поле | 2001#$aРаздумья |
| Заглавие | Раздумья |
| 464 #0 - АНАЛИТИЧЕСКИЙ УРОВЕНЬ | |
| Встроенное поле | 2001#$aСтаршему поколению |
| Заглавие | Старшему поколению |
| 464 #0 - АНАЛИТИЧЕСКИЙ УРОВЕНЬ | |
| Встроенное поле | 2001#$aРоссыпи |
| Заглавие | Россыпи |
| 464 #0 - АНАЛИТИЧЕСКИЙ УРОВЕНЬ | |
| Встроенное поле | 2001#$aО природе |
| Заглавие | О природе |
| 464 #0 - АНАЛИТИЧЕСКИЙ УРОВЕНЬ | |
| Встроенное поле | 2001#$aО поэтах и поэзии |
| Заглавие | О поэтах и поэзии |
| 464 #0 - АНАЛИТИЧЕСКИЙ УРОВЕНЬ | |
| Встроенное поле | 2001#$aИз первых стихов |
| Заглавие | Из первых стихов |
| 700 #1 - ИМЯ ЛИЦА - ПЕРВИЧНАЯ ОТВЕТСТВЕННОСТЬ | |
| Начальный элемент ввода | Ходунков |
| Часть имени, кроме начального элемента ввода | К. Д. |
| Даты | 1928- |
| Расширение инициалов личного имени | Константин Дмитриевич |
| Системный номер авторитетной/нормативной записи | 142521 |
| Идентификатор авторитетной/нормативной записи | RU\NLR\AUTH\770142557 |
| 801 #0 - ИСТОЧНИК ЗАПИСИ | |
| Страна | российская федерация |
| Организация | NLR |
| Правила каталогизации | psbo |
| 801 #1 - ИСТОЧНИК ЗАПИСИ | |
| Страна | российская федерация |
| Организация | ELAR |
| Источник данных | rusmarc |
| 852 ## - МЕСТОНАХОЖДЕНИЕ И ШИФР ХРАНЕНИЯ | |
| Идентификатор организации | NLR |
| Шифр хранения (Call Number) | 97-2/798 |
| 942 ## - ДОПОЛНИТЕЛЬНЫЕ ЭЛЕМЕНТЫ ЗАПИСИ (АБИС) | |
| Тип экземпляра АБИС | Книга |
| 980 ## - КОЛЛЕКЦИЯ | |
| Название коллекции | Национальная библиография |
| Тип экземпляра | Дата поступления | Библиотека постоянного хранения | Библиотека текущего хранения | Место хранения | Шифр хранения | Штрих-код | Статус не для выдачи |
|---|---|---|---|---|---|---|---|
| Книга | 26.10.2013 | РНБ (Московский) | РНБ (Московский) | Русский книжный фонд: издания с 1957 года, 8этаж | 97-2/798 | 5475079-10 |